000 00201 a2200097 4500
001 29098
100 _aArnold, T W
245 _aPreaching of Islam
260 _a
_bM Ashraf
_c
090 _c19427
_d19427
942 _aNUST-CAE
_cM
_c10477
999 _c264171
_d264171